Dictamen 2-2005 sobre propuesta de modificación de las Ordenanzas fiscales y reguladoras de precios públicos para 2006 (Registro nro. 18800)
[ vista simple ]
| 000 -CABECERA | |
|---|---|
| Longitud fija campo de control | 01502nam a2200385 c 4500 |
| 001 - NÚMERO DE CONTROL | |
| Número de control | 18800 |
| 003 - IDENTIFICADOR DE NÚMERO DE CONTROL | |
| Identificador del número de control | ES-MaCES |
| 005 - FECHA Y HORA DE LA ÚLTIMA TRANSACCIÓN | |
| Fecha y hora de la última transacción | 20141221122550.0 |
| 008 - CAMPO FIJO DE DESCRIPCIÓN FIJA--INFORMACIÓN GENERAL | |
| Códigos de información de longitud fija | 060508s2005 sp l o000 | spa d |
| 017 ## - NÚMERO DE REGISTRO DE DERECHOS DE AUTOR Y DEPÓSITO LEGAL | |
| Número de copyright o de depósito legal | H 200-2005 |
| Agencia que asigna el número | DL |
| 020 ## - ISBN (INTERNATIONAL STANDARD BOOK NUMBER) | |
| Número Internacional Normalizado para Libros (ISBN) | 849341204X |
| 035 ## - NÚMERO DE CONTROL DEL SISTEMA | |
| Número de control del sistema | CES20060005106m |
| 040 ## - FUENTE DE CATALOGACIÓN | |
| Centro catalogador de origen | ES-MaCES |
| Lengua de catalogación | spa |
| Centro transcriptor | ES-MaCES |
| 110 2# - ENCABEZAMIENTO PRINCIPAL--NOMBRE CORPORATIVO | |
| Nombre de entidad corporativa o nombre de jurisdicción como elemento inicial | Consejo Económico y Social de la Ciudad de Huelva |
| 9 (RLIN) | 2439 |
| 245 10 - MENCIÓN DE TÍTULO | |
| Título | Dictamen 2-2005 sobre propuesta de modificación de las Ordenanzas fiscales y reguladoras de precios públicos para 2006 |
| Resto del título | : sesión del Pleno de 14 de septiembre de 2005 |
| Mención de responsabilidad, etc. | Consejo Económico y Social de la Ciudad de Huelva |
| 250 ## - MENCIÓN DE EDICIÓN | |
| Mención de edición | 1ª ed |
| 260 ## - PUBLICACIÓN, DISTRIBUCIÓN, ETC (PIE DE IMPRENTA) | |
| Lugar de publicación, distribución, etc. | Huelva |
| Nombre del editor, distribuidor, etc. | CESH |
| Fecha de publicación, distribución, etc. | 2005 |
| 300 ## - DESCRIPCIÓN FÍSICA | |
| Extensión | 6 p. |
| Dimensiones | 21 cm |
| 490 1# - MENCIÓN DE SERIE | |
| Mención de serie | Colección Dictámenes e informes |
| Designación de volumen o secuencia | D 2-2005 |
| 500 ## - NOTA GENERAL | |
| Nota general | Tít. tomado de la cub. |
| 541 ## - NOTA DE LA FUENTE INMEDIANTE DE ADQUISICIÓN | |
| Forma de adquisición | Gratuito |
| 650 #4 - ASIENTO SECUNDARIO DE MATERIA--TÉRMINO DE MATERIA | |
| Término de materia o nombre geográfico como elemento inicial | administración fiscal |
| 9 (RLIN) | 27209 |
| 650 #4 - ASIENTO SECUNDARIO DE MATERIA--TÉRMINO DE MATERIA | |
| Término de materia o nombre geográfico como elemento inicial | precio regulado |
| 9 (RLIN) | 27912 |
| 650 #4 - ASIENTO SECUNDARIO DE MATERIA--TÉRMINO DE MATERIA | |
| Término de materia o nombre geográfico como elemento inicial | reforma tributaria |
| 9 (RLIN) | 28091 |
| 650 #4 - ASIENTO SECUNDARIO DE MATERIA--TÉRMINO DE MATERIA | |
| Término de materia o nombre geográfico como elemento inicial | Huelva |
| 9 (RLIN) | 31291 |
| 650 #4 - ASIENTO SECUNDARIO DE MATERIA--TÉRMINO DE MATERIA | |
| Término de materia o nombre geográfico como elemento inicial | 2006 |
| 9 (RLIN) | 31838 |
| 650 #4 - ASIENTO SECUNDARIO DE MATERIA--TÉRMINO DE MATERIA | |
| Término de materia o nombre geográfico como elemento inicial | régimen jurídico |
| 9 (RLIN) | 29894 |
| 650 #4 - ASIENTO SECUNDARIO DE MATERIA--TÉRMINO DE MATERIA | |
| Término de materia o nombre geográfico como elemento inicial | dictamen |
| 9 (RLIN) | 30802 |
| 653 10 - TÉRMINO DE INDEXACIÓN--NO CONTROLADO | |
| Término no controlado | Fiscalidad |
| 787 0# - ENTRADA DE OTRAS ESPECIFICACIONES | |
| Título | Dictamen 2-2004 sobre propuesta de modificación de las Ordenanzas fiscales y reguladoras de precios públicos para 2005 |
| Número de control del registro relacionado | (ES-MaCES)17949 |
| 830 #0 - ENCABEZAMIENTO SECUNDARIO DE COLECCIÓN--TÍTULO UNIFORME | |
| Título uniforme | Colección Dictámenes e informes (Consejo Económico y Social de la Ciudad de Huelva) |
| Designación de volumen o secuencia | D 2-2005 |
| 9 (RLIN) | 33753 |
| 902 ## - CES. TIPO DE DOCUMENTO | |
| Tipodoc (006$c Sirtex) | LIB Libro |
| 942 ## - ELEMENTOS KOHA | |
| Fuente de clasificaión o esquema | Clasificación propia del CES |
| Koha [por defecto] tipo de item | Monografías |
| Parte de clasificación | 0.1. |
| Número de registro | Signatura completa | Tipo de item de Koha |
|---|---|---|
| 064500 | - | Monografías |
